Statistics for Guess the countries that small area-biggest population

Click here to take the quiz!

General Stats

  • This quiz has been taken 18 times
  • The average score is 4 of 11

Answer Stats

HintAnswer% Correct
94%bangladesh
80%
98%china
67%
97%india
60%
89%netherlands
47%
95%nigeria
40%
96%pakistan
40%
93%nepal
27%
90%ghana
13%
92%guatemala
13%
91%rwanda
13%
88%ecuador
7%

Score Distribution

Percentile by Number Answered

Percent of People with Each Score

Your Score History

You have not taken this quiz